London ruft Nordpol (Titelsatznr. 57186)
[ MARC ]
| 000 -Satzkennung | |
|---|---|
| Kontrollfeld mit fester Länge | 01104nam a2200313 cb4500 |
| 001 - Kontrollnummer | |
| Kontrollfeld | BV000212210 |
| 003 - Kontrollnummer Identifier | |
| Kontrollfeld | DE-604 |
| 005 - Datum und Zeit der letzten Transaktion | |
| Kontrollfeld | 20210716105126.0 |
| 007 - Feld mit fester Länge zur physischen Beschreibung - Allgemeine Information | |
| Kontrollfeld mit fester Länge | t |
| 008 - Feld mit fester Länge zur physischen Beschreibung - Allgemeine Angaben | |
| Kontrollfeld mit fester Länge | 870612s1982 |||| 00||| ger d |
| 020 ## - Internationale Standardbuchnummer | |
| Internationale Standardbuchnummer | 3404650468 |
| Verknüpfung | 3-404-65046-8 |
| 035 ## - Systemkontrollnummer | |
| System-Kontrollnummer | (OCoLC)230617907 |
| 035 ## - Systemkontrollnummer | |
| System-Kontrollnummer | (DE-599)BVBBV000212210 |
| 040 ## - Katalogisierungsquelle | |
| Original-Katalogisierungsstelle | DE-604 |
| Katalogisierungssprache | ger |
| Übertragungsstelle | RU-10907106 |
| 041 0# - Sprachcode | |
| Sprachcode des Textes/der Tonspur oder des separaten Titels | ger |
| 100 1# - Haupteintragung - Personenname | |
| Personenname | Giskes, Hermann J. |
| Funktionsbezeichnung | Verfasser |
| Funktionsbezeichnungscode | aut |
| 245 10 - Titel | |
| Titel | London ruft Nordpol |
| Zusatz zum Titel | [das erfolgreiche Funkspiel der deutschen militärischen Abwehr] |
| Verfasserangabe etc. | H. J. Giskes |
| 264 #1 - Produktion, Veröffentlichung, Distribution, Herstellung und Urheberrechtsvermerk | |
| Herstellungs-, Veröffentlichungs- Vertriebs-, Erzeugungsort | Bergisch Gladbach |
| Produzent, Herausgeber, Distributor, Hersteller | Bastei Lübbe |
| Datum der Herstellung, der Veröffentlichung, des Vertriebs oder des Urheberschutzvermerks | 1982 |
| 300 ## - Physische Beschreibung | |
| Umfang | 313 Seiten |
| 336 ## - Inhaltstyp | |
| Inhaltstypterm | Text |
| Inhaltstypcode | txt |
| Quelle | rdacontent |
| 337 ## - Medientyp | |
| Bezeichnung des Medientyps | ohne Hilfsmittel zu benutzen |
| Medientypcode | n |
| Quelle | rdamedia |
| 338 ## - Datenträgertyp | |
| Datenträgertypbezeichnung | Band |
| Datenträgertypcode | nc |
| Quelle | rdacarrier |
| 490 0# - Gesamttitelangabe | |
| Gesamttitelangabe | Bastei-Lübbe-Taschenbuch |
| Bandnummer/Folgebezeichnung | 65046 : Zeitgeschichte |
| 650 07 - Nebeneintragung unter einem Schlagwort - Sachschlagwort | |
| Sachschlagwort oder geografischer Name als Eintragungselement | Weltkrieg |
| Sonstige Informationen | 1939-1945 |
| IDN des Normdatensatzes oder Standardnummer | (DE-588)4079167-1 |
| Quelle der Ansetzung oder des Terms | gnd |
| Koha-Normdatenidentnummer | rswk-swf |
| 650 07 - Nebeneintragung unter einem Schlagwort - Sachschlagwort | |
| Sachschlagwort oder geografischer Name als Eintragungselement | Funkverkehr |
| IDN des Normdatensatzes oder Standardnummer | (DE-588)4155702-5 |
| Quelle der Ansetzung oder des Terms | gnd |
| Koha-Normdatenidentnummer | rswk-swf |
| 650 07 - Nebeneintragung unter einem Schlagwort - Sachschlagwort | |
| Sachschlagwort oder geografischer Name als Eintragungselement | Spionageabwehr |
| IDN des Normdatensatzes oder Standardnummer | (DE-588)4182342-4 |
| Quelle der Ansetzung oder des Terms | gnd |
| Koha-Normdatenidentnummer | rswk-swf |
| 651 #7 - Nebeneintragung unter einem Schlagwort - Geografischer Name | |
| Geografischer Name | Deutschland |
| IDN des Normdatensatzes oder Standardnummer | (DE-588)4011882-4 |
| Quelle der Ansetzung oder des Terms | gnd |
| Koha-Normdatenidentnummer | rswk-swf |
| 942 ## - Zusätzliche Felder (Koha) | |
| Klassifikation oder Aufstellungssystematik | Andere/Generische Klassifikation |
| Koha-Medientyp | Monographien |
| Ausgeschieden | Verloren | Klassifikation oder Aufstellungssystematik | Beschädigt | Nicht entleihbar | Heimatbibliothek | Aufenthaltsbibliothek | Aufstellungsort | Erwerbungsdatum | Inventarnummer | Signatur | Barcode | Letzte Aktivität | Preis gültig von | Koha-Medientyp |
|---|---|---|---|---|---|---|---|---|---|---|---|---|---|---|
| Andere/Generische Klassifikation | MWN Osteuropa | MWN Osteuropa | Lesesaal - 1 | 16/07/2021 | 21-01529 | D 52 rc Gis | E00401082D3717AA | 16/07/2021 | 16/07/2021 | Monographien |